Szczegóły MARC21

Ein kurzweilig Lesen von Till Eulenspiegel : geboren aus dem Land zu Braunschweig. Wie er sein Leben vollbracht hat, fünfundneunzig seiner Geschichten /

003 -Nazwa inst., której nr kontr. jest w polu 001 [,]
    • @
    • Nazwa instytucji, której n kontrolny jest w polu 001
    • NUKAT
005 -DATA I CZAS OSTATNIEJ MODYFIKACJI [,]
    • @
    • pole kontrolne
    • 20241231111031.0
020 -Międzynarod. znormalizowany nr książki - ISBN [ , ]
    • a
    • Numer ISBN
    • 3378000589 Find
040 -Instytucja sporządzająca opis [ , ]
    • a
    • Instytucja, która sporządziła opis (NP)
    • SZCZ U/MC
    • b
    • Język katalogowania
    • pol
    • e
    • Zasady katalogowania
    • rda
    • c
    • Instytucja, która sporządziła rekord (NP)
    • SZCZ U/MCs
942 -Rodzaj dokumentu [ , ]
    • c
    • Rodzaj dokumentu
    • Książka
245 -Strefa tytułu i oznaczenia odpowiedzialności [0,4]
    • a
    • Tytuł
    • Ein kurzweilig Lesen von Till Eulenspiegel : Find
    • b
    • Ciąg dalszy tytułu (NP)
    • geboren aus dem Land zu Braunschweig. Wie er sein Leben vollbracht hat, fünfundneunzig seiner Geschichten / Find
    • c
    • Pozostałe elementy strefy tytułu i oznaczenia odpowiedzialności (NP)
    • herausgegeben von Günter Jäckel.
246 -Wariant tytułu [1,8]
    • a
    • Tytuł (NP)
    • Till Eulenspiegel
250 -Strefa wydania [ , ]
    • a
    • Oznaczenie wydania (NP)
    • Erste Auflage.
260 -Strefa adresu wydawniczego [ , ]
    • a
    • Miejsce wydania (P)
    • Leipzig ;
    • a
    • Miejsce wydania (P)
    • Weimar :
    • b
    • Nazwa wydawcy (P)
    • Gustav Kiepenheuer Verlag,
    • c
    • Data wydania (P)
    • 1987.
300 -Strefa opisu fizycznego [ , ]
    • a
    • Określenie formy książki i/lub objętość (NP)
    • 325 stron :
    • b
    • Oznaczenie ilustracji (NP)
    • ilustracje ;
    • c
    • Format (NP)
    • 19 cm.
336 -Typ zawartości [ , ]
    • a
    • Termin opisujący typ zawartości
    • Tekst
    • b
    • Kod określający zawartość
    • txt
    • 2
    • Źródło (terminu i kodu)
    • rdacontent
337 -Typ mediów [ , ]
    • a
    • Tryb odtwarzania
    • Bez urządzenia pośredniczącego
    • b
    • Kod typu mediów
    • n
    • 2
    • Źródło (terminu i kodu)
    • rdamedia
338 -Typ/rodzaj nośnika [ , ]
    • a
    • Hasło opisujące typ nośnika
    • Wolumin
    • b
    • Kod typu nośnika
    • nc
    • 2
    • Źródło (terminu i kodu)
    • rdacarrier
500 -Uwaga ogólna [ , ]
    • a
    • Uwaga ogólna (NP)
    • Na stronie tytułowej: Mit 87 zeitgenössischen Holzschnitten.
080 -Uniwersalna Klasyfikacja Dziesiętna [ , ]
    • a
    • Symbol klasyfikacji
    • 830-7=30
655 -Hasło w funkcji tematu formalnego [ ,7]
    • a
    • Hasło
    • Literatura ludowa niemiecka.
    • 2
    • Źródło terminu
    • kaba
    • 9
    • KHW
    • 183307
980 -Symbol UKD [ , ]
    • a
    • UKD
    • 830-7=30
700 -Hasło dodatkowe - nazwa osobowa [1, ]
    • a
    • Nazwa osobowa (NP)
    • Jäckel, Günter Find
    • d
    • Daty biograficzne (NP)
    • (1926-2011).
    • e
    • Określenie rodzaju współpracy
    • Redakcja
    • 9
    • KHW
    • 63370
710 -Hasło dodatkowe - nazwa ciała zbiorowego [2, ]
    • a
    • Nazwa ciała zbiorowego lub nazwa geograficzna jako pierwszy element (NP)
    • Gustav Kiepenheuer Verlag.
    • e
    • Rodzaj współpracy
    • Wydawca
    • 4
    • Kod relacji
    • pbl
    • 9
    • KHW
    • 84698
920 -ISBN [ , ]
    • a
    • ISBN
    • 3-378-00058-9 Find
Lokalizacja Data inwentaryzacji Numer inwentarzowy Status udost. Sygnatura
BM2002-10-22G.34121 
BM2003-01-06G.16573-3Germ. Literatura niemiecka